38愛媛県の市町村(選択形式) - Statistics

General Stats
  • This quiz has been taken 307 times
  • The average score is 14 of 20
Answers on the Map
Answers color-coded by a green-red scale on the quiz's map according to % correct below.
 
Answer Stats
Answer % Correct
01:松山市
94%
02:今治市
83%
09:四国中央市
80%
05:新居浜市
74%
06:西条市
74%
13:久万高原町
74%
03:宇和島市
71%
04:八幡浜市
71%
12:上島町
71%
17:伊方町
71%
07:大洲市
69%
11:東温市
69%
20:愛南町
69%
14:松前町
66%
08:伊予市
63%
10:西予市
63%
16:内子町
63%
19:鬼北町
60%
15:砥部町
54%
18:松野町
46%
No matching quizzes found
Score Distribution
Percent of People with Each Score
Percentile by Number Answered
Your Score History
You have not taken this quiz